[Event "Merida Ruy Lopez GM"]
[Site "Merida"]
[Date "2008.04.10"]
[Round "6"]
[White "Granda Zuniga, Julio E"]
[Black "Sargissian, Gabriel"]
[Result "1/2-1/2"]
[WhiteElo "2588"]
[BlackElo "2676"]
[Annotator "Rodriguez Garcia,M"]
[PlyCount "94"]
[EventDate "2008.04.05"]
[EventType "tourn"]
[EventRounds "7"]
[EventCountry "ESP"]
[EventCategory "15"]
[SourceTitle "CBM 124"]
[Source "ChessBase"]
[SourceDate "2008.05.28"]
[SourceVersion "1"]
[SourceVersionDate "2008.05.28"]
[SourceQuality "1"]

1. d4 d5 2. c4 c6 3. Nf3 Nf6 4. e3 e6 5. Nbd2 {Sin ser un experto en esta
línea, consideré esta jugada con el ánimo de sorprender un poco a mi rival}
Nbd7 6. b3 Bd6 7. Bb2 O-O 8. Be2 b6 {Pese a ser una jugada muy natural no
aparece en mi base de datos en la práctica magistral.} (8... Ne4 9. O-O f5 10.
Ne5 Ndf6 (10... Nxe5 11. dxe5 Bb4 12. Nf3 Nc3 13. Qc2 Nxe2+ 14. Qxe2 a5 15. Nd4
Qe7 16. a3 Bc5 17. f4 Bd7 18. Rfc1 Bb6 19. Qc2 c5 20. Nf3 a4 21. cxd5 exd5 22.
Qd3 Be6 23. b4 cxb4 24. axb4 Qxb4 25. Bd4 {Kovacevic,V -Morovic Fernández,
ISolin, 1-0}) 11. f3 Nxd2 12. Qxd2 Bd7 13. c5 Bc7 14. Bc3 Be8 15. b4 Nh5 16. f4
Nf6 17. Qd1 Ne4 18. Be1 Qf6 19. a4 Qh6 20. b5 Bxe5 21. dxe5 Nxc5 22. Bb4 Ne4
23. Bxf8 {Appel,J-Lang,H, Saarlouis 2004,1-0}) (8... Re8 9. Ne5 c5 10. O-O b6
11. f4 Bb7 12. Rc1 Rc8 13. Rc2 Rc7 14. Bf3 Qa8 15. Qa1 Bf8 16. Nxd7 Nxd7 17.
Rfc1 cxd4 18. Bxd4 Rec8 19. a4 dxc4 20. Bxb7 Qxb7 21. Rxc4 Rxc4 22. Rxc4 Rxc4
23. Nxc4 {Gorbatow,A -Tokmachev,M Moscú 1998, 1-0}) 9. O-O Bb7 10. Rc1 Qe7 11.
Rc2 {Se ha llegado a una posición similar a alguna línea derivada de la India
de Dama.} a5 12. a4 Nb8 {No consideré esta maniobra de Caballo que obviamente
busca la casilla b4.} 13. Ne1 {Era necesaria para controlar la casilla b4 y
tener acción en el punto c5.} Na6 14. Nd3 c5 15. Qa1 {Reforzando el control de
la gran diagonal y de paso preparando un eventual doblaje de torres.} Rfe8 16.
cxd5 exd5 {Prácticamente forzado ya que no se puede conceder a las Blancas la
casilla c4.} 17. dxc5 bxc5 18. Bxf6 Qxf6 19. Qxf6 gxf6 {La valoración de esta
posición es compleja. Las Blancas tienen mejor estructura, mientras las Negras,
con su pareja de alfiles, y el control del centro da la impresión de mejores
perspectivas, pero resulta muuy difícil potenciar la acción de los alfiles por
la debilidad y escasa movilidad de los peones centrales.} 20. Nb1 {Dirigiendo
las fuerzas hacia la debilidad de d5} Nb4 {No prosperaba para las Negras el
intento de aprovechar la debilidad de b3, por ejemplo:} (20... Rab8 21. Nc3 Bc6
22. Nb5 Bxb5 23. axb5 Rxb5 24. Nf4 c4 25. bxc4 dxc4 26. Rxc4 {con ventaja
cómoda de las Blancas}) 21. Rd2 Rac8 22. Rfd1 Be5 {El Negro pretende d4 para
abrir la posición favorable a la pareja de alfiles.} 23. Rc1 $1 {Me costó
encontrar esta jugada, aparentemente ilógica, considerando el anterior
movimiento de esta misma Torre, la idea es presionar la debilidad de c5 y
eventualmente apoyar la casilla c3 para mi Caballo} Nxd3 24. Bxd3 d4 {Las
Negras cumplen el libreto de activar la posición, pero a costa de dejar las
casillas c4 y b5 a mi merced} 25. Na3 {Por fin entra en acción mi Caballo, que
estuvo expectante durante muchas jugadas} Bd5 26. Bc4 Ba8 27. Bb5 Red8 28. Rcd1
Bd5 29. Bc4 Be4 30. Nb5 Bc6 31. Na7 {No disponía de mucho tienpo y preferí
entrar en esta secuencia que me aseguraba una duradera ventaja sin ningún
riesgo, pero, como contrapartida, el final con alfiles de distinto color
normalmente da muchas perspectivas de tablas} Rc7 32. Nxc6 Rxc6 33. e4 {
Única forma de tratar de incrementar la ventaja} f5 {Anticipándose a la fuerte
maniobra blanca Td3-f3-f5, que vislumbra una gran ventaja} 34. exf5 Rf6 35. Bd3
(35. Re2 {Sabía que esta jugada me ofrecía muchas posibilidades de victoria,
pero por la presión del tiempo opté por la textual:} Rxf5 36. Bd3 Rh5 37. g4
Rg5 38. Bf5 Bd6 39. h4 Rg7 40. Kf1 {Si se compara con el desarrollo de la
partida, nótese que aquí las Blancas no tienen ventaja material, pero sí
fuerte iniciativa y, sobre todo, las Negras tienen muchos problemas a causa de
estar mal ubicada la Torre en g7}) 35... Rb6 36. Re2 Bf6 37. Bc4 d3 38. Red2
Rbd6 39. Rxd3 Rxd3 40. Rxd3 $2 {Desperdiciando la última oportunidad de tener
posibilidades para ganar la partida, ya que es imperioso para ello mantener la
Torre} (40. Bxd3 Kg7 41. Kf1 Bc3 42. f3 Kf6 43. Ke2) 40... Rxd3 41. Bxd3 Kg7
42. f4 h5 43. g3 h4 {Quitando definitivamente cualquier intento práctico de
victoria para las Blancas} 44. g4 Bc3 45. Kg2 Bd2 46. f6+ {Los dos peones de
más, al estar doblados no deciden nada, de tal manera que con este "presente"
me fui preparando para reconocer las tablas} Kxf6 47. Kf3 Kg7 1/2-1/2

[Event "Australian Masters"]
[Site "Melbourne"]
[Date "1992.??.??"]
[Round "6"]
[White "Miles, Anthony John"]
[Black "Rogers, Ian"]
[Result "1-0"]
[WhiteElo "2565"]
[BlackElo "2550"]
[Annotator "Rogers,I"]
[PlyCount "91"]
[EventDate "1992.??.??"]
[EventType "tourn"]
[EventRounds "9"]
[EventCountry "AUS"]
[EventCategory "6"]
[SourceTitle "EXT 1997"]
[Source "ChessBase"]
[SourceDate "1996.11.15"]
[SourceVersion "1"]
[SourceVersionDate "1996.11.15"]
[SourceQuality "1"]

1. d4 d5 2. Nf3 Nf6 3. c4 c6 4. e3 e6 5. Nbd2 $5 Nbd7 6. b3 Bd6 7. Bb2 O-O 8.
Bd3 Re8 $2 ({Miles' quiet opening system is condemned in the opening books as
leading to boring equality after} 8... Qe7 9. Ne5 Ba3 {. However Miles had
realised in his pregame preparation that this is simply untrue - White can
keep a clear advantage by playing} 10. Bxa3 Qxa3 11. Nxd7 Bxd7 12. c5 b6 13.
Qc1 $1 {since Black's bishop on d7 is terribly constricted.}) 9. Ne5 dxc4 10.
Ndxc4 $1 {The refutation of Black's ambitious but misguided plan, forgoing
castling rights but keeping Black in a straight-jacket.} ({Black was hoping for
} 10. bxc4 $6 Nxe5 $1 11. dxe5 Bxe5 12. Bxh7+ $1 {with equal chances.}) 10...
Bb4+ 11. Kf1 $1 Bf8 12. Qf3 Nxe5 13. Nxe5 Bd6 14. Rd1 Bxe5 15. dxe5 Nd5 16. Qe4
$1 g6 17. h4 $1 c5 18. h5 Qg5 19. Qf3 Bd7 20. Qh3 Re7 21. Kg1 $3 {A truly
Grandmasterly method of prosecuting the attack.} ({At first sight} 21. hxg6
fxg6 22. f4 {seems strong, but Black could then reply} Qg4 $3 23. Qxg4 Nxe3+ {
with chances for a successful defence. By avoiding the knight fork, Miles
leaves Black with no reasonable answer to the coming pawn push.}) 21... Rf8 22.
hxg6 fxg6 23. f4 Qh5 24. Qxh5 gxh5 25. Kf2 $1 Be8 26. Be2 Rd7 27. g3 Bg6 28.
Bb5 Rc7 29. Kf3 Bf5 $5 {Black is hanging on to his pawns for the moment but in
the long run White's central pawn majority is sure to decide the game.} 30. Rd2
$1 (30. Rxh5 $4 Bg4+ $1 31. Kxg4 Nxe3+ {actually wins for Black!}) 30... Bg4+
31. Kf2 a6 32. Be2 b5 33. e4 $1 Nb4 34. Bc3 $1 Nc6 35. Bxg4 hxg4 36. Rd6 c4 37.
bxc4 b4 38. Ba1 Na5 39. Rh4 Rxc4 40. Rxg4+ Kh8 41. Rxe6 Rc2+ 42. Kf3 Rxa2 43.
Bd4 Nb3 (43... Nc4 {loses in a more attractive manner to} 44. Rxa6 $3 Rxa6 45.
e6+ {and mate to follow.}) 44. Be3 a5 45. Re7 Rh2 46. e6 1-0

[Event "EU-ch 13th"]
[Site "Plovdiv"]
[Date "2012.03.27"]
[Round "7"]
[White "Cioara, Andrei Nestor"]
[Black "Roiz, Michael"]
[Result "1-0"]
[WhiteElo "2477"]
[BlackElo "2652"]
[Annotator "Roiz,M"]
[PlyCount "67"]
[EventDate "2012.03.20"]
[EventType "swiss"]
[EventRounds "11"]
[EventCountry "BUL"]
[SourceTitle "CBM 148"]
[Source "ChessBase"]
[SourceDate "2012.05.16"]
[SourceVersion "1"]
[SourceVersionDate "2012.05.16"]
[SourceQuality "1"]

1. d4 d5 2. c4 c6 3. Nf3 Nf6 4. Qb3 e6 5. Bg5 h6 6. Bh4 dxc4 7. Qxc4 b5 8. Qb3
{A rare and quite harmless move. Now it's much easier for Black to prepare the
freeing c6-c5.} ({A well known theoretical line is} 8. Qc2 Bb7 9. e3 ({Or} 9.
e4) 9... Nbd7 10. Bd3) 8... Nbd7 {In my opinion, this is the most flexible
move.} ({Another way to handle this position was shown in the following fresh
game:} 8... Bb7 9. Nc3 Nbd7 10. e4 b4 (10... a6 $142 $1 {-->See my notes to
the game after the 10th move.}) 11. Bd3 bxc3 12. Qxb7 cxb2 $6 (12... Rb8 13.
Qxc6 Rb6 14. Qa4 cxb2 15. Rb1 Bb4+ 16. Ke2 Be7 $132) 13. Qxb2 Qa5+ 14. Ke2 Ba3
15. Qc2 c5 16. Rab1 $14 {1/2-1/2 Matlakov,M (2625)-Malakhov,V (2714)/Olginka
RUS 2011/The Week in Chess 859 (27)}) 9. Nc3 (9. e3 Bb7 10. Nbd2 a6 11. a4 $11)
9... a6 10. e4 $6 $146 {I had the feeling that Black should be better now, as
White is not ready for such active play in the centre. Unfortunately I failed
to find the best way to prove it.} (10. e3 $142 c5 11. Be2 Bb7 (11... Be7 12.
O-O O-O 13. Rfd1 Bb7 14. Rac1 cxd4 15. Nxd4 $11 {1-0 Dydyshko,V-Smagin,S (2270)
/Ivano Frankovsk 1982/EXT 1999 (34)}) 12. O-O $11) 10... Qa5 $6 {Somehow I had
understimated the reaction of my opponent. At the same time, I had a few
better possibilities.} ({Let's take a look at them:} 10... b4 $5 11. Na4 ({
I do not believe in White's compensation in the following line:} 11. Bxf6 Nxf6
12. Na4 Nxe4 13. Qc2 Nf6 14. Bd3 Be7 15. O-O O-O 16. Ne5 Bb7 17. Rfd1 a5 $15)
11... g5 12. Bg3 Nxe4 13. Bd3 Nxg3 14. hxg3 g4 $1 ({After} 14... Bb7 15. O-O g4
(15... c5 $2 16. Rfe1 Bxf3 17. gxf3 cxd4 18. Bg6 $40) 16. Ne5 Nxe5 17. dxe5 c5
18. Rfe1 Qd5 19. Be4 Qxb3 20. axb3 $11 {White should have enough compensation
for keeping the balance.}) 15. Ne5 Nxe5 16. dxe5 Bd7 $1 17. O-O c5 18. a3 (18.
Qc2 Qa5 19. b3 Bxa4 20. bxa4 Bg7 $17) 18... Rb8 19. axb4 Rxb4 20. Qc2 Qc7 21.
Rfe1 c4 $15 {Black is better due to his bishop's pair and the ugly placement
of the Na4.}) (10... Bb7 $5 11. e5 ({Perhaps White should play something like} 
11. Rd1 Qb6 12. Bxf6 Nxf6 13. e5 Nd7 14. Bd3 c5 15. Be4 cxd4 16. Bxb7 Qxb7 17.
Rxd4 Qc7 18. O-O Bc5 $15 {where Black's advantage is not that big.}) 11... g5 {
I can hardly explain what did I miss in this line. It's clear that Black is
much better prepared for such complications.} 12. exf6 (12. Bg3 Nh5 13. Bd3
Nxg3 14. hxg3 g4 15. Nh2 c5 16. Be4 Qc7 17. d5 Nxe5 18. dxe6 O-O-O $36) 12...
gxh4 13. Bd3 Qxf6 (13... Rg8 $5) 14. Be4 Qf4 15. Nd2 Nf6 16. Ne2 Qc7 17. Bf3
O-O-O 18. a4 b4 $15) 11. Bxf6 $1 {Of course, White is ready to get rid of this
bishop.} ({My calculations were based only on} 11. e5 Nd5 12. Be2 c5 13. O-O
Bb7 $15 {As we can see in that case the Bh4 is almost out of play.}) 11... Nxf6
12. Bd3 {Now White has some development advantage, so he is able to equalise.}
c5 (12... Bb7 $6 13. e5 Nd5 14. O-O $14) 13. dxc5 Bb7 ({After} 13... Nd7 14. c6
Nc5 15. Qd1 {Black is unable to stabilise the position and keep his bishop
pair:} Qb6 (15... Be7 16. O-O Qb6 17. Nd4 b4 18. Nce2 e5 19. Nf3 $36) 16. O-O
Qxc6 17. Rc1 Qb6 18. Bb1 Bb7 19. e5 Be7 20. Qe2 O-O 21. b4 $1 Na4 22. Nxa4 bxa4
23. a3 $11) 14. O-O Nd7 (14... Bxc5 15. e5 Nd7 (15... Nd5 16. Be4 $11) 16. Be4
Qc7 17. Rac1 O-O 18. Rfd1 Rfd8 19. Qc2 $11) 15. c6 $1 {No doubt, White has to
play energetically.} Bxc6 16. Nd4 Rc8 $6 {For some reason I had understimated
White's attacking prospects and mainly expected the modest 17.Nxc6. Well, this
is not the only example of my weird decisions in this tournament!} ({I bravely
rejected} 16... Nc5 17. Nxc6 Nxb3 18. Nxa5 Nxa5 19. Rfd1 Be7 20. Rac1 O-O 21.
e5 $11) 17. Nxe6 $1 {This was played without much hesitation.} (17. Nxc6 Rxc6
18. Rfd1 Bb4 19. Ne2 Bc5 20. a4 b4 21. Rac1 O-O $15) 17... fxe6 {Objectively
this is not bad at all, but it's a pity that I couldn't see a considerable
alternative.} ({I have also missed a nice tactical resource:} 17... b4 $5 18.
Nxf8 Nc5 $1 19. Qc4 (19. Qd1 $2 bxc3 20. Qg4 Qc7 21. Qxg7 Rxf8 $17) 19... Kxf8
(19... Nxd3 20. Ng6 $1 fxg6 21. Qe6+ Kd8 22. Nd5 Re8 23. Qd6+ Bd7 24. Qxg6 $44
{leaves White with nice compensation for the piece. The Kd8 can never feel
comfortable.}) 20. Nd5 Bb5 21. Qd4 {This is the critical position. Black can
choose between two captures, but the position remains balanced in both cases:}
Bxd3 (21... Nxd3 22. Rfd1 Qd8 $1 (22... Nc5 $6 {is too risky:} 23. Rac1 Be8 24.
f4 $1 $36 {[%cal Gf4f5,Gf5f6]} (24. Qe5 Qd8 25. Qd4 Qa5 {is only a draw})) 23.
Rxd3 Bxd3 24. Qxd3 Qd6 $11 {The powerful Nd5 and a pawn give White enough
compensaton, but not more.}) 22. Rfc1 Kg8 $8 23. Ne7+ Kh7 24. Nxc8 Rxc8 25.
Rxc5 Qxc5 26. Qxd3 Qc2 $11) 18. Qxe6+ Kd8 19. Rfd1 {The king is stuck in the
centre, but White needs some time for creating dangerous threats.} Bc5 {
At this moment I had not much time left on my clock.} ({Here was my last
chance to remove my monarch from the danger zone:} 19... Kc7 $5 20. a4 $1 ({
White has no time for ''slow'' moves:} 20. Be2 Bc5 21. a3 Qb6 22. Rxd7+ Bxd7
23. Nd5+ Kd8 24. Qxb6+ Bxb6 25. Nxb6 Rc6 $15) 20... b4 21. Bb5 ({After} 21.
Nb5+ Kb8 22. Nd4 Qb6 23. Be2 Nc5 24. Qe5+ Ka7 25. a5 Qb8 $1 26. Nxc6+ Rxc6 27.
Qd4 Bd6 28. Qxg7+ Nb7 {Black is not in danger, but I am not sure about White.})
21... Nc5 22. Qxc6+ Kb8 23. Qg6 bxc3 24. bxc3 ({After} 24. b4 $6 Qc7 25. bxc5
axb5 26. axb5 c2 27. Rdc1 Bxc5 28. Rxc2 Rhf8 $15 {[%cal Gf8f6] Black's monarch
is safe, so White is fighting for a draw.}) 24... axb5 (24... Ka7 $5 25. Bc4
Qb6 26. Qg3 $13) 25. axb5 {In this funny position White has only 4 pawns for 2
pieces, but the attack is sufficient for equality. Let's see all possible
moves:} Rd8 (25... Na4 $5 26. Qg3+ Kb7 (26... Qc7 27. Qxc7+ Kxc7 28. Rxa4 Bc5
29. Kf1 $11) 27. Rd7+ Rc7 28. Qxc7+ Qxc7 29. Rxc7+ Kxc7 30. Rxa4 Bc5 31. Ra6
Bb6 32. Kf1 $11 {having 4 pawns for a piece White is out of danger, and he
shouldn't lose either.}) (25... Qc7 $2 {is simply bad:} 26. b6 Qe5 27. Qf7 $1
Be7 28. Qa2 $1 {a nice dance by the queen!} Kb7 29. f4 $1 Ra8 (29... Qxc3 $2
30. Qa7+ Kc6 31. Rab1 Qe3+ 32. Kh1 Qxf4 33. b7 Qc7 34. bxc8=Q Rxc8 35. Qa2 $18)
30. Qxa8+ Rxa8 31. fxe5 $14) 26. b6 (26. Qg3+ Kb7 27. Qf3 Rxd1+ 28. Qxd1 Qb6
29. Qd5+ Kc7 30. Ra8 Nd7 31. e5 Qc5 32. b6+ $1 Qxb6 33. Qc4+ Qc5 34. Qa6 Nb8 (
34... Nb6 35. Ra7+ Kc6 36. Qb7+ Kb5 37. Ra6 $40) 35. Ra7+ Kd8 36. Qd3+ Ke8 37.
Qg6+ $11) 26... Rxd1+ 27. Rxd1 Be7 28. Qg3+ Ka8 29. Qc7 Bg5 30. g3 Rb8 31. Qc6+
Rb7 32. Qc8+ $11) 20. Be2 {This position looks scary from a human point of
view, but actually Black has at least enough defensive resources.} Qb6 $2 $138
{[%mdl 8192] Black definitely has no time for such slow moves!} ({I have no
idea why I rejected the most natural} 20... Re8 21. Qf5 b4 22. Nd5 Re5 (22...
Rf8 23. Qg4 Rxf2 24. Kh1 $44) 23. Qf7 Bxd5 24. Rxd5 Rxd5 25. Qxd5 (25. exd5 {
allows Black to consolidate by means of} b3 $1 26. Bg4 Rc7 27. d6 Bxd6 28. Qg8+
Nf8 29. Rd1 Ke8 30. Qxb3 Re7 $15) 25... Bxf2+ 26. Kxf2 Qxd5 27. exd5 Rc2 28.
Rb1 Ke7 $11) 21. Bg4 {Now White wins the material back by force.} Rc7 $2 {
The decisive mistake.} (21... Qa7 $1 {was the only way to stay in the game:}
22. Rd2 (22. Qe5 Rf8 23. Qxg7 {leads to the same.}) (22. Qf7 Rf8 23. Qxg7 Rxf2
24. Kh1 Bf8 25. Qh7 Rc7 26. Nd5 Bxd5 27. Rxd5 Kc8 28. Bxd7+ Kb7 $16 {Here
White is 2 pawns up, but the Kb7 is almost safe, while Black's major pieces
may create some counterplay.} (28... Rxd7 $2 29. Rc1+ Kd8 30. Rcd1 $18)) 22...
Re8 23. Qg6 Re7 24. Rad1 Kc7 25. Bxd7 Rxd7 26. Rxd7+ Bxd7 27. Qxg7 Rd8 28. Nd5+
Kb7 $16 {looks terrible too, but at least Black is still a piece up.} 29. Qf7
Kc8 30. b4 Bd6) 22. Nd5 $1 Bxf2+ ({Black is helpless also after:} 22... Bxd5
23. Qxd5 Qa7 24. Rd3 Bxf2+ 25. Kh1 h5 26. Bh3 Kc8 27. Bxd7+ Kb8 (27... Rxd7 28.
Rc1+ Bc5 29. Rxc5+ Kb8 30. Rxb5+ axb5 31. Qxd7 $18) 28. Qe5 $18) 23. Kh1 Bxd5
24. Qxd5 $18 {White just wins a piece back, while the attack continues.} Qb7 (
24... Qa7 25. e5 Kc8 26. e6 Nf6 27. e7+ Nxg4 28. Qf5+ Kb7 29. Qe4+ Kb8 30. Rd8+
Rc8 31. Rxh8 Rxh8 32. e8=Q+ Rxe8 33. Qxe8+ Kb7 34. Qd7+ $18) ({The lesser evil
would be} 24... Rf8 25. Bxd7 Qc5 26. Qd2 Be3 27. Qd3 Ke7 28. Bf5 $18 {but the
position remains lost due to the weakness of Ke7.}) 25. Qf7 $1 {The most
effective. The e-pawn will decide the game.} Bc5 26. e5 Rf8 27. Qxg7 Be7 28. e6
{The rest is just an agony.} Qe4 29. exd7 Rc2 30. Bh3 Qf4 31. Re1 Qg5 (31...
Re2 32. Qxf8+ Qxf8 33. Rxe2 $18) 32. Qxf8+ Bxf8 33. Re8+ Kc7 34. Rc8+ 1-0

[Event "Ashdod op"]
[Site "Ashdod"]
[Date "2004.12.15"]
[Round "7"]
[White "Postny, Evgeny"]
[Black "Roiz, Michael"]
[Result "1/2-1/2"]
[WhiteElo "2563"]
[BlackElo "2560"]
[Annotator "Roiz,M"]
[PlyCount "39"]
[EventDate "2004.12.09"]
[EventType "swiss"]
[EventRounds "9"]
[EventCountry "ISR"]
[SourceTitle "CBM 103 Extra"]
[Source "ChessBase"]
[SourceDate "2005.01.01"]
[SourceVersion "1"]
[SourceVersionDate "2005.01.01"]
[SourceQuality "1"]

1. d4 Nf6 2. c4 e6 3. Nf3 d5 4. Bg5 h6 ({The most principal here is:} 4... dxc4
{but I have no much experience in this line.}) 5. Bxf6 Qxf6 6. e3 Nd7 7. Nbd2
$5 {Evgeny avoids the well known lines. That move looks quite harmless, but it
deserves an accurate play from black. The main idea of white's set-up is to
meet an exchange on c4 with Nd2xc4.} (7. Nc3 c6 {-->leads to D43 (the Moscow
variation).}) 7... c6 (7... g6 $5) 8. Be2 $146 {But that ''shy'' move doesn't
make sence at all...} ({Better looks:} 8. Bd3 $142 dxc4 9. Nxc4 (9. Bxc4 g6 10.
O-O Bg7 $11) 9... Bb4+ 10. Ke2 Qe7 11. Qc2 (11. a3 Bd6 {[%cal Ge6e5]} 12. Nxd6+
Qxd6 13. Qc2 O-O 14. Rhd1 Qe7 15. Qc3 c5 $11) 11... Bd6 12. Rhd1 O-O 13. Nxd6
Qxd6 14. Bh7+ Kh8 15. Be4 f5 16. Bd3 b6 17. Qc3 Bb7 18. Bc4 Qe7 19. a4 c5 $11 {
and black has solved all his problems in: 1/2-1/2 Milov,V-Maksimenko,A/Bratto
2003/EXT 2004 (30) but the improvement is possible.}) (8. Qc2 g6 9. Bd3 Bg7 10.
O-O O-O 11. e4 dxe4 12. Nxe4 Qf4 13. Rad1 e5 14. dxe5 Nxe5 15. Nxe5 Qxe5 16. b3
Bg4 17. Rd2 Rad8 $15 {0-1 Nikolic,P-Van Wely,L/Monte Carlo 1998/CBM 63 ext (32)
}) 8... g6 {A standard way of development. The bishop will be ideally placed
on g7 if white will play e3-e4.} ({Dubiously would be:} 8... dxc4 $6 9. O-O $14
{[%cal Gd2c4]} b5 $140 10. b3 cxb3 11. Nxb3 $36) 9. O-O Bg7 10. cxd5 {White
chooses a standard plan of advancing his qside pawns, since cxd5 is not so
good with black's knight on d7.} ({The alternative was:} 10. e4 dxe4 11. Nxe4
Qf4 12. Bd3 (12. Qc2 O-O 13. Rad1 b6 $11) 12... O-O (12... Nf6 $5) 13. c5 e5
14. g3 Qg4 $132 {with a complicated play.}) 10... exd5 11. b4 Qd6 $1 {It's
important to take control of Pb4 before white could stabilize the situation by
12.Nb3.} (11... O-O $6 12. Nb3 Qd6 13. Rb1 $14) 12. b5 {That looks a bit
premature, but hardly white can profit from waiting.} (12. Rb1 a5 13. b5 (13.
bxa5 Rxa5 $11) 13... c5 $11) (12. Qb3 O-O $11) 12... c5 {Ofcourse, black
should make this move in order to avoid the weak Pc6.} 13. dxc5 Nxc5 14. Rc1
O-O {So, black has successfully completed his development. He has a pair of
the bishops and an excellent outpost on c5 as a compensation for some weakness
of Pd5.} 15. Nc4 $6 {That is just a loss of time, since the knight has no
perspectives on c4 and cannot be delivered to any useful square.} (15. Nb3 Ne4
16. Nfd4 $11) 15... Qd8 ({There was a small trap:} 15... Qe7 $2 16. Qxd5 Rd8
17. Nd6 $16) 16. Ncd2 ({There was no reason for:} 16. Nce5 $6 Ne4 $15 {[%csl
Re5] and white only faces problems with a knight.}) 16... Qe7 {So, black has
improved the placement of his queen.} 17. Nb3 Ne4 $1 {An important move. Now
the weakness of ''c3'' spot becomes obvious.} 18. Nbd4 ({Dangerously would be:
} 18. Qxd5 $6 Nc3 19. Qd2 Rd8 $36) ({But deserved attention} 18. Nfd4 $5) 18...
Bg4 {There was no reason to provoke h2-h3.} ({I would prefer an immediate} 
18... Bd7 $5 $15 {with a preferable position.}) 19. h3 Bd7 $1 ({My first
intention was:} 19... Bxf3 $6 20. Bxf3 Rfc8 {but that was much worse, because
after} 21. Qd3 $14 {white gains some advantage.}) 20. Qc2 $6 {Here the draw
was agreed, although white's last move is inaccurate and allows black to gain
a pleasant advantage.} ({Ofcourse, badly was} 20. Rc7 $6 Qd6 21. Rxb7 $4 Bc8
$19) ({After the text move I should continue the fight:} 20. Qc2 Rfc8 21. Qb2
Bf8 $1 $15 {[%cal Ge7a3] intending to grab the open file after taking control
of ''c1'' spot.}) ({At the same time, white could keep an equality by} 20. Qb3
$142 Qd6 21. Rc2 $11 {[%cal Gf1c1]}) 1/2-1/2